000 00679cam a22002291 4500
001 8915448
003 ARRUPE
005 20160920122105.0
008 720424s1962 xx 000 0 eng
010 _a 63034706
035 _a(OCoLC)292285
040 _aDLC
_cOAU
_dDLC
042 _apremarc
050 0 0 _aLA1503.7
_b.L48
100 1 _aLewis, Leonard John.
_925986
245 1 0 _aEducation and political independence in Africa
_b:and other essays.
_c/Leonard John Lewis
260 _aEdinburgh,
_bNelson,
_c1962.
300 _aviii,128 p.;
_c21 cm.
650 0 _aEducation
_zAfrica.
_99745
906 _a7
_bcbc
_coclcrpl
_du
_encip
_f19
_gy-gencatlg
942 _2lcc
_cMONOGRAPH
999 _c125291
_d125291